Getting an investment perspective in a crisis (Record no. 82896)

MARC details
000 -LEADER
fixed length control field 01190cab a22001935a 4500
001 - CONTROL NUMBER
control field L152167
008 - FIXED-LENGTH DATA ELEMENTS--GENERAL INFORMATION
fixed length control field 110207s2011 xxk 000 0 eng d
035 ## - SYSTEM CONTROL NUMBER
System control number (Sirsi) u152167
041 0# - LANGUAGE CODE
Language code of text/sound track or separate title eng
100 1# - MAIN ENTRY--PERSONAL NAME
Personal name Patterson, Alan S.
245 00 - TITLE STATEMENT
Title Getting an investment perspective in a crisis
260 ## - PUBLICATION, DISTRIBUTION, ETC.
Date of publication, distribution, etc. 2011
490 ## - SERIES STATEMENT
Series statement Sustainablebuilding inc Propertyforecast
Volume/sequential designation (49) January 2011, 13-15(3)
520 ## - SUMMARY, ETC.
Summary, etc. Examines how the European property markets are dealing with the financial crises besetting European countries and looks to the future. Interest rates are not expected to rise in the UK or the Eurozone until the second quarter of 2012. Only at the prime end of the market which is not fairly valued are current property yields receiving any protection. Prime property yields will only rise slowly and getting the timing right for switching from prime to more risky property yields will be a key determinant of performance over the next two years. Investors will have to get more analytical and cease thinking in basic stock selection terms.
590 ## - LOCAL NOTE (RLIN)
Local note KA
651 #4 - SUBJECT ADDED ENTRY--GEOGRAPHIC NAME
Geographic name Europe
690 ## - LOCAL SUBJECT ADDED ENTRY--TOPICAL TERM (OCLC, RLIN)
Topical term or geographic name as entry element PROPERTY-COMMERCIAL PROPERTY-COMMERCIAL PROPERTY FINANCE AND INVESTMENT
942 ## - ADDED ENTRY ELEMENTS (KOHA)
Suppress in OPAC 0
Holdings
Withdrawn status Lost status Source of classification or shelving scheme Damaged status Not for loan Home library Current library Shelving location Date acquired Total Checkouts Full call number Barcode Date last seen Copy number Price effective from Koha item type
    Dewey Decimal Classification     London London Journal article 07/02/2011   L152167 152167-1001 06/08/2019 1 06/08/2019 Journal article